[Event "Kimry-ch"]
[Site "Kimry"]
[Date "2003.??.??"]
[Round "8"]
[White "Doronine, Vladimir"]
[Black "Prusakov, Dmitry"]
[Result "0-1"]
[WhiteElo "1920"]
[BlackElo "2135"]
[PlyCount "50"]
[EventDate "2003.??.??"]
[EventType "swiss"]
[EventRounds "9"]
[EventCountry "RUS"]
[SourceTitle "EXT 2007"]
[Source "ChessBase"]
[SourceDate "2006.11.23"]
[SourceVersion "1"]
[SourceVersionDate "2006.11.23"]
[SourceQuality "1"]

1. e4 e5 2. Nf3 Nc6 3. b3 Nf6 4. d3 d5 5. exd5 Nxd5 6. g3 Bg4 7. Bb2 Bb4+ 8. c3 Qf6 9. Be2 Bd6 10. Nbd2 0-0-0 11. Ne4 Qe7 12. a4 f5 13. Nxd6+ Qxd6 14. b4 e4 15. dxe4 fxe4 16. Nd4 Bxe2 17. Nxe2 Ne5 18. Nd4 Nd3+ 19. Kf1 Nxb2 20. Qg4+ Kb8 21. Qxe4 Nxc3 22. Qc2 Qd5 23. Rg1 Qxd4 24. Qxb2 Rhe8 25. h4 Re2 0-1